|
|
|
|
| LEADER |
00000nam a2200000Ia 4500 |
| 008 |
160504b2002 cr a|||| |||| 00| | spa d |
| 090 |
|
|
|a 02.01.02
|b 1012
|
| 110 |
2 |
|
|a Instituto de Investigación para el Mejoramiento de la Educación Costarricense
|9 1703
|
| 245 |
1 |
0 |
|a Planeamiento estratégico del IIMEC para el próximo quinquenio (2003-2008)
|
| 260 |
|
|
|a San José, Costa Rica :
|b IIMEC,
|c 2002
|
| 300 |
|
|
|a 28 páginas
|
| 500 |
|
|
|a La Unidad posee también Informe final Plan Estratégico 2009 - 2015 Proyecto No.724-A9-739
|
| 610 |
2 |
2 |
|9 153
|a INSTITUTO DE INVESTIGACIÓN EN EDUCACIÓN
|
| 650 |
1 |
4 |
|a PLANIFICACIÓN ESTRATÉGICA
|9 762
|
| 942 |
|
|
|i 001699
|h 02.01.02 1012
|2 z
|c 04
|
| 999 |
|
|
|c 1236
|d 1236
|